00489nam a2200157 a 450000100100000000500170001000800410002702000170006804000250008508200150011010000320012524500860015726000340024330000210027750400330029800004059120201002034233.0130902s2006 sp 000 0 spa d z978849763581 aDO-SdBNPbspacBNPHU axxxxbxxxx1 aOrtega Carcelén, Martín10aCosmocracia :bpolítica global para el siglo XXI /cMartín Ortega Carcelén. aMadrid, :bSíntesis,c2006. a302 p. ;c23 cm. aBibliografías : p. 292-302